000 00209nam a22000857a 4500
008 161214b xxu||||| |||| 00| 0 eng d
100 _92044
_aMiller.M
245 _aBe Different
260 _aNewYork
_bEvangelical
_c2003
999 _c4918
_d4918